Szczegóły MARC21

Leksykon parazytologiczny /

003 -Nazwa inst., której nr kontr. jest w polu 001 [,]
    • @
    • Nazwa instytucji, której n kontrolny jest w polu 001
    • NUKAT
005 -DATA I CZAS OSTATNIEJ MODYFIKACJI [,]
    • @
    • pole kontrolne
    • 20241231111515.0
020 -Międzynarod. znormalizowany nr książki - ISBN [ , ]
    • a
    • Numer ISBN
    • 9788392823926 Find
040 -Instytucja sporządzająca opis [ , ]
    • a
    • Instytucja, która sporządziła opis (NP)
    • WA 191/EL
    • c
    • Instytucja, która sporządziła rekord (NP)
    • WA 191/EL
    • d
    • Instytucja, która zmodyfikowała rekord (P)
    • WA 191/EW
    • d
    • Instytucja, która zmodyfikowała rekord (P)
    • WA 191/MS
    • d
    • Instytucja, która zmodyfikowała rekord (P)
    • WR U/brks
942 -Rodzaj dokumentu [ , ]
    • c
    • Rodzaj dokumentu
    • Książka
100 -Hasło główne - nazwa osobowa [1, ]
    • a
    • Nazwa osobowa (NP)
    • Pojmańska, Teresa
    • d
    • Daty biograficzne (NP)
    • (1929- ).
    • 9
    • KHW
    • 665076
245 -Strefa tytułu i oznaczenia odpowiedzialności [1,0]
    • a
    • Tytuł
    • Leksykon parazytologiczny / Find
    • c
    • Pozostałe elementy strefy tytułu i oznaczenia odpowiedzialności (NP)
    • red. T. Pojmańska ; [aut.] A. Demiaszkiewicz, M. Doligalska, E. Głowska, A. Kurnatowska, P. Kurnatowski, E. Lonc, A. C. Majewska, J. Matowicka-Karna, B. Moskwa, A. Okulewicz, H. Wędrychowicz.
260 -Strefa adresu wydawniczego [ , ]
    • a
    • Miejsce wydania (P)
    • Warszawa :
    • b
    • Nazwa wydawcy (P)
    • Polskie Towarzystwo Parazytologiczne,
    • c
    • Data wydania (P)
    • cop. 2016.
300 -Strefa opisu fizycznego [ , ]
    • a
    • Określenie formy książki i/lub objętość (NP)
    • 230 s. ;
    • c
    • Format (NP)
    • 24 cm.
336 -Typ zawartości [ , ]
    • a
    • Termin opisujący typ zawartości
    • Tekst
    • b
    • Kod określający zawartość
    • txt
    • 2
    • Źródło (terminu i kodu)
    • rdacontent
337 -Typ mediów [ , ]
    • a
    • Tryb odtwarzania
    • Bez urządzenia pośredniczącego
    • b
    • Kod typu mediów
    • n
    • 2
    • Źródło (terminu i kodu)
    • rdamedia
338 -Typ/rodzaj nośnika [ , ]
    • a
    • Hasło opisujące typ nośnika
    • Wolumin
    • b
    • Kod typu nośnika
    • nc
    • 2
    • Źródło (terminu i kodu)
    • rdacarrier
504 -Uwaga dot. bibliogr. załącznikowej [ , ]
    • a
    • Uwaga dot. bibliografii załącznikowej
    • Bibliogr. s. [220]-230.
650 -Hasło przedmiotowe [ ,7]
    • a
    • Hasło przedmiotowe
    • Parazytologia
    • v
    • Określnik formalny
    • słowniki.
    • 2
    • Źródło terminu
    • kaba
    • 9
    • KHW
    • 428687
700 -Hasło dodatkowe - nazwa osobowa [1, ]
    • a
    • Nazwa osobowa (NP)
    • Demiaszkiewicz, Aleksander W. Find
    • 9
    • KHW
    • 729741
700 -Hasło dodatkowe - nazwa osobowa [1, ]
    • a
    • Nazwa osobowa (NP)
    • Doligalska, Maria. Find
    • 9
    • KHW
    • 729773
700 -Hasło dodatkowe - nazwa osobowa [1, ]
    • a
    • Nazwa osobowa (NP)
    • Głowska, Eliza. Find
    • 9
    • KHW
    • 729763
700 -Hasło dodatkowe - nazwa osobowa [1, ]
    • a
    • Nazwa osobowa (NP)
    • Kurnatowska, Alicja Find
    • d
    • Daty biograficzne (NP)
    • (1931-2022).
    • 9
    • KHW
    • 95327
700 -Hasło dodatkowe - nazwa osobowa [1, ]
    • a
    • Nazwa osobowa (NP)
    • Kurnatowski, Piotr. Find
    • 9
    • KHW
    • 457674
700 -Hasło dodatkowe - nazwa osobowa [1, ]
    • a
    • Nazwa osobowa (NP)
    • Lonc, Elżbieta Find
    • d
    • Daty biograficzne (NP)
    • (1951-2017).
    • 9
    • KHW
    • 441027
700 -Hasło dodatkowe - nazwa osobowa [1, ]
    • a
    • Nazwa osobowa (NP)
    • Majewska, Anna C. Find
    • 9
    • KHW
    • 729745
700 -Hasło dodatkowe - nazwa osobowa [1, ]
    • a
    • Nazwa osobowa (NP)
    • Matowicka-Karna, Joanna. Find
    • 9
    • KHW
    • 729753
700 -Hasło dodatkowe - nazwa osobowa [1, ]
    • a
    • Nazwa osobowa (NP)
    • Moskwa, Bożena. Find
    • 9
    • KHW
    • 729758
700 -Hasło dodatkowe - nazwa osobowa [1, ]
    • a
    • Nazwa osobowa (NP)
    • Okulewicz, Anna Find
    • d
    • Daty biograficzne (NP)
    • (1945- ).
    • 9
    • KHW
    • 727056
700 -Hasło dodatkowe - nazwa osobowa [1, ]
    • a
    • Nazwa osobowa (NP)
    • Wędrychowicz, Halina. Find
    • 9
    • KHW
    • 729756
710 -Hasło dodatkowe - nazwa ciała zbiorowego [2, ]
    • a
    • Nazwa ciała zbiorowego lub nazwa geograficzna jako pierwszy element (NP)
    • Polskie Towarzystwo Parazytologiczne.
    • 4
    • Kod relacji
    • pbl
    • 9
    • KHW
    • 46315
920 -ISBN [ , ]
    • a
    • ISBN
    • 978-83-928239-2-6 Find
Numer inwentarzowy Status udost. Lokalizacja Data inwentaryzacji
Z.1271181BG2025-08-28